000 00524njm a2200193 i 4500
001 C2-0266311
003 PPAK
005 20180729152303.0
008 050727s2002 my |||| ||||| | may d
040 _aPPAK
_beng
_cPPAK
_erda
245 0 0 _aMembaca gaya wawasan
264 1 _aKuala Lumpur :
_bPerpustakaan Negara Malaysia ,
_c2002
336 _2rdacontent
_atext
337 _2rdamedia
_aunmediated
338 _2rdacarrier
_avolume
500 _aCD 0287/05 ; CD 0288/05
650 1 0 _aReading interest
942 _ddc
_cB
999 _c163456
_d163456